书目信息 |
| 题名: |
中药临床
|
|
| 作者: | 谢新才 , 孙悦 著 | |
| 分册: | ||
| 出版信息: | 北京 中国中医药出版社 2017.01 |
|
| 页数: | 601页 | |
| 开本: | 22cm | |
| 丛书名: | ||
| 单 册: | ||
| 中图分类: | R282 , R285.6 | |
| 科图分类: | ||
| 主题词: | 中草药--临床应用 | |
| 电子资源: | ||
| ISBN: | 978-7-5132-3547-1 | |
| 000 | 01162nam0 2200253 450 | |
| 001 | 4611 | |
| 005 | 20181012141441.54 | |
| 010 | @a978-7-5132-3547-1@dCNY88.00 | |
| 100 | @a20170328d2017 em y0chiy50 ea | |
| 101 | 0 | @achi |
| 102 | @aCN@b110000 | |
| 105 | @ay z 000yy | |
| 200 | 1 | @a中药临床@9zhong yao lin chuang@f谢新才,孙悦著 |
| 210 | @a北京@c中国中医药出版社@d2017.01 | |
| 215 | @a601页@d22cm | |
| 300 | @a中医心阅 | |
| 330 | @a本书分上篇中药总论(含中药理论、中药药性、药物的相互作用、中药药理学4章)、中篇用药思路(含引经药和引药,部位选药、脏腑选药、性能选药、时间选药和病症选药,中药现代化和西药中药化3章)以及下篇临床应用(含感冒、咳嗽、喘证、肺胀、肺痈、肺痨、癫狂、痫病、泄泻、痢疾、便秘、便血、头痛、肝炎、鼓胀、水肿、淋证、阳痿、不育症、郁证、汗证、虚劳、痿病、乳痈、肠痈、丹毒、脱疽、烧伤、冻疮、毒蛇咬伤、脑外伤、粉刺、脱发、月经病、崩漏、带下、不孕、痄腮、儿童多动综合征、鼻渊、鼻鼽、鼻衄等50章)分别进行阐述。 | |
| 606 | 0 | @a中草药@x临床应用 |
| 690 | @aR282@v5 | |
| 690 | @aR285.6@v4 | |
| 701 | 0 | @a谢新才@9xie xin cai@f(1966-)@4著 |
| 701 | 0 | @a孙悦@9sun yue@4著 |
| 801 | 0 | @aCN@b91MARC@c20170328 |
| 905 | @aMuseLib@dR285.6@e467 | |
| 中药临床/谢新才,孙悦著.-北京:中国中医药出版社,2017.01 |
| 601页;22cm |
| 中医心阅 |
| ISBN 978-7-5132-3547-1:CNY88.00 |
| 本书分上篇中药总论(含中药理论、中药药性、药物的相互作用、中药药理学4章)、中篇用药思路(含引经药和引药,部位选药、脏腑选药、性能选药、时间选药和病症选药,中药现代化和西药中药化3章)以及下篇临床应用(含感冒、咳嗽、喘证、肺胀、肺痈、肺痨、癫狂、痫病、泄泻、痢疾、便秘、便血、头痛、肝炎、鼓胀、水肿、淋证、阳痿、不育症、郁证、汗证、虚劳、痿病、乳痈、肠痈、丹毒、脱疽、烧伤、冻疮、毒蛇咬伤、脑外伤、粉刺、脱发、月经病、崩漏、带下、不孕、痄腮、儿童多动综合征、鼻渊、鼻鼽、鼻衄等50章)分别进行阐述。 |
| ● |
| 相关链接 |
|
|
|
|
正题名:中药临床
索取号:R285.6/467
 
预约/预借
| 序号 | 登录号 | 条形码 | 馆藏地/架位号 | 状态 | 备注 |
| 1 | 1125966 | 211259662 | 第二样本阅览室/ [索取号:R285.6/467] | 在馆 | |
| 2 | 1125967 | 211259671 | 第三借阅区/ [索取号:R285.6/467] | 在馆 | |
| 3 | 1125968 | 211259680 | 第三借阅区/ [索取号:R285.6/467] | 在馆 | |
| 4 | 1125969 | 211259699 | 第三借阅区/ [索取号:R285.6/467] | 在馆 | |
| 5 | 1125970 | 211259706 | 密集书库-生命科学系/ [索取号:R285.6/467] | 在馆 |